000 01220cam a2200361 i 4500
999 _c41645
_d41645
001 19771044
003 OSt
005 20221102101121.0
008 170706s2017 nyu 001 0 eng
010 _a 2017394112
020 _a9789353062033
020 _a9780134791401
020 _a0134791401
040 _aDLC
_beng
_cDLC
_erda
042 _apcc
050 0 0 _aQA76.73.J38
_bD45 2017
082 0 0 _a005.133
_223
_bDEI/J
100 1 _aDeitel, Paul J.
_99206
245 1 0 _aJava :
_bhow to program /
_cPaul Deitel, Deitel & Associates, Inc., Harvey Deitel, Deitel & Associates, Inc.
250 _aEleventh Edition.
264 1 _aNY, NY :
_bPearson,
_c[2017]
300 _a1286 pages ;
_c24 cm.
336 _atext
_btxt
_2rdacontent
337 _aunmediated
_bn
_2rdamedia
338 _avolume
_bnc
_2rdacarrier
490 0 _aDeitel series
500 _a"Late objects, introducing JShell; use with Java SE 8 or Java SE 9."
650 0 _aJava (Computer program language)
700 1 _aDeitel, Harvey M.,
_d1945-
906 _a7
_bcbc
_corignew
_d2
_encip
_f20
_gy-gencatlg
942 _2ddc
_cBK
_h005.133
_iDEI/J
_k005.133
_mDEI/J